000 00357nam a22001577a 4500
003 MPLRDC
005 20220104144505.0
008 210129b ||||| |||| 00| 0 eng d
082 _a947.411 KSY
100 _a不详
245 _a南无观世音菩萨
_c
260 _a
_b不详
_c
300 _b
650 _a佛教漫画
942 _cBK
_o947.411 KSY
999 _c50132
_d50122